[Event "DRUGA LIGA CENTRALNE SRBIJE - ISTOK 2017"]
[Site "Srebrno jezero"]
[Date "2017.09.08"]
[Round "1.2"]
[White "Zivkovic, Ljubisa"]
[Black "Mincic, Srbislav"]
[Result "1/2-1/2"]
[WhiteElo "1965"]
[BlackElo "2191"]
[PlyCount "80"]
[EventDate "2017.09.08"]

1. e4 e5 2. Nf3 Nf6 3. Nxe5 d6 4. Nf3 Nxe4 5. Nc3 Nxc3 6. dxc3 Be7 7. Be3 O-O
8. Qd2 Re8 9. O-O-O Bg4 10. h3 Bxf3 11. gxf3 Nd7 12. f4 Nf6 13. Bg2 c6 14. c4
Qc7 15. h4 Rad8 16. Bd4 a6 17. Qe3 c5 18. Bc3 b5 19. Bd5 Nxd5 20. cxd5 b4 21.
Bd2 Bf6 22. Qf3 Qd7 23. Kb1 c4 24. Bxb4 Bxb2 25. Kxb2 Rb8 26. Ka1 Rxb4 27. Qc3
Rb7 28. Rhg1 g6 29. h5 Qf5 30. hxg6 fxg6 31. Rd4 Rc7 32. Rg5 Qf6 33. Rg3 Rb7
34. Re3 Reb8 35. Re1 Rc8 36. Qd2 Re7 37. Rxe7 Qxe7 38. Qe3 Qxe3 39. fxe3 c3 40.
a3 h5 1/2-1/2

[Event "DRUGA LIGA CENTRALNE SRBIJE - ISTOK 2017"]
[Site "Srebrno jezero"]
[Date "2017.09.08"]
[Round "1.2"]
[White "Tonic, Milos*"]
[Black "Stojanovic, Milorad"]
[Result "1-0"]
[WhiteElo "2021"]
[BlackElo "1922"]
[PlyCount "39"]
[EventDate "2017.09.08"]

1. c4 Nf6 2. Nc3 e6 3. Nf3 b6 4. g3 Bb7 5. Bg2 Be7 6. O-O O-O 7. d4 Ne4 8. Qc2
Nxc3 9. Qxc3 c5 10. Rd1 Bf6 11. Qd3 d6 12. Ng5 Bxg5 13. Bxb7 Bxc1 14. Raxc1 Nd7
15. Bxa8 Qxa8 16. dxc5 Nxc5 17. Qxd6 Ne4 18. Qd4 h6 19. f3 Nf6 20. b4 1-0

[Event "DRUGA LIGA CENTRALNE SRBIJE - ISTOK 2017"]
[Site "Srebrno jezero"]
[Date "2017.09.08"]
[Round "1.2"]
[White "Stankovic, Darko*"]
[Black "Dimitrijevic, Dusan"]
[Result "1/2-1/2"]
[WhiteElo "1912"]
[BlackElo "2109"]
[PlyCount "73"]
[EventDate "2017.09.08"]

1. d4 Nf6 2. Nf3 d5 3. Bf4 e6 4. e3 c5 5. c3 Nc6 6. Nbd2 Be7 7. Bd3 Nh5 8. Bg3
Nxg3 9. hxg3 h6 10. Qe2 Qc7 11. Rc1 O-O 12. O-O b6 13. c4 Re8 14. Nb3 Nb4 15.
cxd5 Nxa2 16. Ra1 Nb4 17. dxe6 Bxe6 18. Bc4 Bf6 19. Rac1 Qe7 20. dxc5 bxc5 21.
Bxe6 Qxe6 22. Nxc5 Qa2 23. Rb1 g6 24. Nd7 Bg7 25. Ra1 Qe6 26. Nc5 Qd5 27. Rac1
Rec8 28. Rfd1 Qa2 29. Nd4 a5 30. Ne4 Rxc1 31. Rxc1 Nd5 32. Nc3 Nxc3 33. Rxc3
Rb8 34. Rc2 a4 35. Kh2 Qd5 36. Nc6 Rb7 37. e4 1/2-1/2

[Event "DRUGA LIGA CENTRALNE SRBIJE - ISTOK 2017"]
[Site "Srebrno jezero"]
[Date "2017.09.08"]
[Round "1.2"]
[White "Stanojevic, Ilija**"]
[Black "Zivkovic, Milutin**"]
[Result "1-0"]
[WhiteElo "2056"]
[BlackElo "1744"]
[PlyCount "63"]
[EventDate "2017.09.08"]

1. c4 Nf6 2. Nc3 c5 3. Nf3 Nc6 4. d4 cxd4 5. Nxd4 e5 6. Nc2 h6 7. e4 d6 8. Be2
Be7 9. Be3 Be6 10. O-O O-O 11. f3 Qc7 12. Qd2 Kh7 13. Rfc1 Rfd8 14. Rab1 Bf8
15. b4 Nb8 16. Nd5 Bxd5 17. cxd5 Rc8 18. Na3 Qd8 19. Rxc8 Qxc8 20. Rc1 Qd8 21.
Nb5 Nbd7 22. Nxa7 Nb6 23. Nb5 Rc8 24. Rxc8 Nxc8 25. a4 Nd7 26. a5 Nb8 27. Qc3
Na6 28. Na7 Nxa7 29. Bxa7 Qd7 30. Bb6 Be7 31. Bxa6 bxa6 32. Qc6 1-0

[Event "DRUGA LIGA CENTRALNE SRBIJE - ISTOK 2017"]
[Site "Srebrno jezero"]
[Date "2017.09.08"]
[Round "1.2"]
[White "Pavlovic, Andrija**"]
[Black "Mitic, Ivan M"]
[Result "1-0"]
[WhiteElo "1665"]
[BlackElo "1933"]
[PlyCount "53"]
[EventDate "2017.09.08"]

1. Nf3 c6 2. c4 d5 3. e3 Nf6 4. d4 e6 5. Nc3 Be7 6. Bd3 O-O 7. Bd2 Nbd7 8. Qc2
dxc4 9. Bxc4 b5 10. Bd3 a6 11. g4 g6 12. g5 Nd5 13. Nxd5 cxd5 14. h4 f5 15.
gxf6 Nxf6 16. Ne5 Nh5 17. Ke2 Bf6 18. Bb4 Re8 19. Rag1 Bxe5 20. dxe5 Ra7 21.
Bxg6 hxg6 22. Rxg6+ Rg7 23. Rh6 d4 24. Bd6 dxe3 25. Rg1 Nf4+ 26. Kxe3 Nd5+ 27.
Kd2 1-0

[Event "DRUGA LIGA CENTRALNE SRBIJE - ISTOK 2017"]
[Site "Srebrno jezero"]
[Date "2017.09.08"]
[Round "1.3"]
[White "Livaja, Mario"]
[Black "Petkov, Vladimir"]
[Result "0-1"]
[WhiteElo "2314"]
[BlackElo "2495"]
[PlyCount "70"]
[EventDate "2017.09.08"]

1. d4 Nf6 2. c4 e6 3. Nc3 Bb4 4. e3 O-O 5. Nge2 Re8 6. a3 Bf8 7. g3 d5 8. Bg2
c6 9. O-O dxc4 10. e4 Nbd7 11. e5 Nd5 12. Qc2 b5 13. h4 Bb7 14. Bg5 Qb6 15. Be4
f5 16. Nxd5 cxd5 17. Bf3 Nb8 18. g4 Nc6 19. Rad1 fxg4 20. Bxg4 Bc8 21. Bh5 Bd7
22. Bf7+ Kxf7 23. Qxh7 Re7 24. Nf4 Ke8 25. Ng6 Rf7 26. Nh8 Ne7 27. Nxf7 Kxf7
28. Kh2 Nf5 29. Rg1 b4 30. Bf6 Ba4 31. Rxg7+ Bxg7 32. Rg1 Rg8 33. h5 Qxd4 34.
Qg6+ Kf8 35. Rg4 Qxe5+ 0-1

[Event "DRUGA LIGA CENTRALNE SRBIJE - ISTOK 2017"]
[Site "Srebrno jezero"]
[Date "2017.09.08"]
[Round "1.3"]
[White "Paunovic, Tomislav"]
[Black "Zivkovic, Marko"]
[Result "0-1"]
[WhiteElo "2346"]
[BlackElo "2194"]
[PlyCount "70"]
[EventDate "2017.09.08"]

1. Nf3 Nf6 2. g3 d6 3. Bg2 g6 4. O-O Bg7 5. d4 O-O 6. c3 Nc6 7. Bf4 Bd7 8. Qc1
Re8 9. Rd1 e5 10. dxe5 dxe5 11. Bh6 Qe7 12. Bxg7 Kxg7 13. Na3 e4 14. Nd4 Qe5
15. Qf4 a6 16. Qxe5 Nxe5 17. f4 exf3 18. exf3 c5 19. Nb3 Be6 20. Rf1 Nd5 21.
Nxc5 Ne3 22. Rf2 Nxg2 23. Kxg2 Nxf3 24. Kf1 Rad8 25. Nc2 Rd5 26. Nb3 Rf5 27.
Ne3 Nd2+ 28. Ke1 Rxf2 29. Kxf2 Nxb3 30. axb3 Rd8 31. Kg1 Rd2 32. b4 Rxb2 33.
Ng2 Rc2 34. Nf4 Rxc3 35. Nxe6+ fxe6 0-1

[Event "DRUGA LIGA CENTRALNE SRBIJE - ISTOK 2017"]
[Site "Srebrno jezero"]
[Date "2017.09.08"]
[Round "1.3"]
[White "Manic, Jovica"]
[Black "Zivic, Dragan"]
[Result "1-0"]
[WhiteElo "2220"]
[BlackElo "2181"]
[PlyCount "83"]
[EventDate "2017.09.08"]

1. d4 Nf6 2. Bg5 e6 3. e4 h6 4. Bxf6 Qxf6 5. Nf3 d6 6. Nc3 g5 7. e5 Qe7 8. Bb5+
Bd7 9. Qe2 Bg7 10. O-O-O a6 11. Bc4 d5 12. Bb3 c5 13. dxc5 Qxc5 14. Nd4 Nc6 15.
Nxc6 Bxc6 16. Rhe1 O-O-O 17. f4 gxf4 18. Qg4 Rh7 19. Qxf4 h5 20. Kb1 Bh6 21.
Qh4 d4 22. Ne4 Qa5 23. Nd6+ Kb8 24. Rxd4 Bxg2 25. c3 Rg7 26. Qf6 Rh8 27. Nxf7
Rf8 28. Bxe6 Qb6 29. Rd6 Qg1 30. Rdd1 Be4+ 31. Ka1 Qg6 32. Rxe4 Qxe4 33. Qxh6
Rgxf7 34. Bxf7 Rxf7 35. Qd6+ Ka8 36. Qd8+ Ka7 37. Qd4+ Qxd4 38. cxd4 Kb6 39. d5
Kc7 40. e6 Rf2 41. d6+ Kd8 42. Rg1 1-0

[Event "DRUGA LIGA CENTRALNE SRBIJE - ISTOK 2017"]
[Site "Srebrno jezero"]
[Date "2017.09.08"]
[Round "1.3"]
[White "Djordjevic, Dejan N"]
[Black "Nikolic, Boban"]
[Result "1/2-1/2"]
[WhiteElo "2190"]
[BlackElo "2248"]
[PlyCount "84"]
[EventDate "2017.09.08"]

1. e4 d6 2. d4 Nf6 3. Nc3 g6 4. g3 Bg7 5. Bg2 O-O 6. Nge2 Nbd7 7. O-O c5 8. h3
Rb8 9. a4 b6 10. g4 cxd4 11. Nxd4 Bb7 12. Re1 a6 13. Nd5 e6 14. Nxf6+ Qxf6 15.
Nf3 Nc5 16. e5 dxe5 17. Nxe5 Rfd8 18. Qe2 Qxe5 19. Qxe5 Bxe5 20. Rxe5 Rd1+ 21.
Kh2 Nxa4 22. Rxa4 Rxc1 23. Re2 a5 24. Rd2 g5 25. Rc4 Bxg2 26. Kxg2 Rb7 27. Rd3
b5 28. Rc5 h6 29. Rb3 b4 30. c3 Ra1 31. cxb4 axb4 32. Rc4 Ra4 33. Kf3 Kg7 34.
Ke3 Rb5 35. Ke4 f5+ 36. Kf3 h5 37. Re3 Ra6 38. gxf5 Rxf5+ 39. Kg2 Rb6 40. Rce4
Rfb5 41. b3 Kf6 42. Kg3 Rb8 1/2-1/2

[Event "DRUGA LIGA CENTRALNE SRBIJE - ISTOK 2017"]
[Site "Srebrno jezero"]
[Date "2017.09.08"]
[Round "1.3"]
[White "Jovanovic, Bojan P*"]
[Black "Stankovic, Dejan"]
[Result "1/2-1/2"]
[WhiteElo "2241"]
[BlackElo "2222"]
[PlyCount "71"]
[EventDate "2017.09.08"]

1. d4 d5 2. c4 Nc6 3. Nc3 e5 4. cxd5 Nxd4 5. e3 Nf5 6. Nf3 f6 7. Qc2 a6 8. Bd3
g6 9. Bd2 Nd6 10. Rc1 Ne7 11. e4 Bg4 12. Na4 c6 13. Qc5 cxd5 14. Ba5 Rc8 15.
Bxd8 Rxc5 16. Nxc5 Kxd8 17. exd5 Nxd5 18. Nd2 Nf4 19. Bf1 Bh6 20. g3 Ne6 21.
Bg2 Nd4 22. Nxb7+ Nxb7 23. Bxb7 Kd7 24. Rc3 Rb8 25. Ne4 Nf3+ 26. Rxf3 Bxf3 27.
Nxf6+ Ke6 28. Bxf3 Kxf6 29. b3 Rc8 30. O-O Rc2 31. a4 a5 32. Rd1 Rc1 33. Kf1
Rxd1+ 34. Bxd1 Bd2 35. Ke2 Bb4 36. Bc2 1/2-1/2

[Event "DRUGA LIGA CENTRALNE SRBIJE - ISTOK 2017"]
[Site "Srebrno jezero"]
[Date "2017.09.08"]
[Round "1.3"]
[White "Ivanovic, Veljko**"]
[Black "Perovic, Zivojin**"]
[Result "0-1"]
[WhiteElo "1962"]
[BlackElo "2180"]
[PlyCount "114"]
[EventDate "2017.09.08"]

1. d4 Nf6 2. g3 g6 3. Bg2 Bg7 4. Nf3 O-O 5. O-O d6 6. c4 Re8 7. Nc3 Nbd7 8. e4
e5 9. Re1 exd4 10. Nxd4 Nc5 11. Nc2 a5 12. f3 Nfd7 13. Ne3 Ne5 14. Qc2 Be6 15.
Ncd5 c6 16. Nf4 Qb6 17. Kh1 a4 18. Rb1 Rad8 19. b4 axb3 20. axb3 Na6 21. Bd2
Nb4 22. Bxb4 Qxb4 23. Rbd1 Ra8 24. Nxe6 fxe6 25. f4 Nf7 26. Ng4 Ra3 27. Re3
Rea8 28. e5 Ra2 29. Qd3 d5 30. cxd5 cxd5 31. Nf6+ Bxf6 32. exf6 Qb6 33. Rde1
Ra1 34. h3 Rxe1+ 35. Rxe1 Qf2 36. Rf1 Qb2 37. Qb5 Qxf6 38. Qxb7 Rd8 39. g4 d4
40. f5 gxf5 41. gxf5 Nd6 42. Qc7 Nxf5 43. Be4 Rf8 44. Bxf5 exf5 45. Rg1+ Kh8
46. Qf4 d3 47. Rd1 Rd8 48. Rd2 Qe6 49. Kh2 Qd5 50. b4 Re8 51. Kg1 Re1+ 52. Kf2
Re4 53. Qh6 Qd4+ 54. Kg2 Re8 55. Kh2 Qe5+ 56. Kg2 Rg8+ 57. Kf2 Qg3+ 0-1

[Event "DRUGA LIGA CENTRALNE SRBIJE - ISTOK 2017"]
[Site "Srebrno jezero"]
[Date "2017.09.08"]
[Round "1.3"]
[White "Mitic, Milan"]
[Black "Petrovic, Dusan**"]
[Result "1/2-1/2"]
[WhiteElo "2117"]
[BlackElo "1873"]
[PlyCount "46"]
[EventDate "2017.09.08"]

1. d4 d5 2. Nf3 Nf6 3. Bf4 Bf5 4. e3 e6 5. c3 c6 6. Nh4 Be4 7. f3 Bxb1 8. Rxb1
Nh5 9. g3 Nd7 10. Ng2 g5 11. Be5 f6 12. g4 fxe5 13. gxh5 exd4 14. Qxd4 e5 15.
Qg4 Qf6 16. Bd3 e4 17. fxe4 Ne5 18. Qe2 Nf3+ 19. Kd1 dxe4 20. Bxe4 O-O-O+ 21.
Bd3 Ne5 22. Ne1 Bc5 23. Rf1 Qe6 1/2-1/2